[Event "9th Aosta Valley"]
[Site "Saint Vincent ITA"]
[Date "2001.02.03"]
[Round "1"]
[White "Jakovenko,D"]
[Black "Pernigotti,C"]
[Result "1-0"]
[WhiteElo "2523"]
[BlackElo "2153"]

1.e4 e6 2.d4 d5 3.Nc3 Nf6 4.Bg5 Be7 5.e5 Nfd7 6.Bxe7 Qxe7 7.f4 a6 8.Nf3 b6
9.Qd2 c5 10.Nd1 Nc6 11.c3 Bb7 12.Bd3 Rc8 13.O-O g6 14.Ne3 cxd4 15.Nxd4 b5
16.Rae1 Qc5 17.Bb1 b4 18.Kh1 bxc3 19.bxc3 Nxd4 20.cxd4 Qc3 21.Qd1 O-O 22.f5 exf5
23.Nxf5 Rc4 24.Re3 Qa5 25.Rh3 Qd8 26.Qd2  1-0

[Event "9th Aosta Valley"]
[Site "Saint Vincent ITA"]
[Date "2001.02.07"]
[Round "5"]
[White "Jakovenko,D"]
[Black "Mantovani,R"]
[Result "1-0"]
[WhiteElo "2523"]
[BlackElo "2386"]

1.e4 c5 2.Nf3 d6 3.d4 cxd4 4.Nxd4 Nf6 5.Nc3 Nc6 6.Bg5 e6 7.Qd2 Nxd4 8.Qxd4 Be7
9.O-O-O O-O 10.Kb1 a6 11.f3 Nxe4 12.Nxe4 Bxg5 13.Nxg5 Qxg5 14.f4 Qc5 15.Qxd6 Qxd6
16.Rxd6 b5 17.c4 bxc4 18.Bxc4 Bb7 19.Rhd1 Bxg2 20.Rxa6 Be4+ 21.Kc1 Rxa6 22.Bxa6 Bd5
23.a4 g6 24.Rd4 Ra8 25.Bb5 Kg7 26.b4 h6 27.a5 f5 28.Bd3 Kf6 29.a6 g5 30.b5 Bh1
31.b6 Rb8 32.Rb4 gxf4 33.Kd2 e5 34.b7 e4 35.a7 Rxb7 36.a8=Q e3+ 37.Ke1 Rxb4
38.Qf8+  1-0

[Event "54th ch-RUS"]
[Site "Elista RUS"]
[Date "2001.04.30"]
[Round "1"]
[White "Jakovenko,D"]
[Black "Filippov,V"]
[Result "1-0"]
[WhiteElo "2521"]
[BlackElo "2632"]

1.e4 c5 2.Nf3 e6 3.d4 cxd4 4.Nxd4 Nf6 5.Nc3 Nc6 6.Nxc6 bxc6 7.e5 Nd5 8.Ne4 Bb7
9.Be2 c5 10.O-O Qc7 11.Nd6+ Bxd6 12.exd6 Qc6 13.f3 Nb6 14.Qd2 O-O 15.c4 e5
16.b3 Rae8 17.Ba3 Re6 18.Rad1 e4 19.fxe4 f5 20.Rf2 Nc8 21.exf5 Rxd6 22.Qe3 Rxd1+
23.Bxd1 d6 24.Qe6+ Kh8 25.Bf3 Qa6 26.Bxb7 Qxb7 27.f6 gxf6 28.Rf1 Rg8 29.Rf2  1-0

[Event "54th ch-RUS"]
[Site "Elista RUS"]
[Date "2001.05.04"]
[Round "5"]
[White "Ibragimov,I"]
[Black "Jakovenko,D"]
[Result "1/2-1/2"]
[WhiteElo "2578"]
[BlackElo "2521"]

1.d4 Nf6 2.c4 e6 3.Nc3 Bb4 4.e3 b6 5.Bd3 Bb7 6.Nf3 O-O 7.O-O d5 8.a3 Bd6
9.Nb5 Be7 10.b3 Nbd7 11.Bb2 a6 12.Nc3 Bd6 13.Qe2 Ne4 14.Rfd1 Qe7 15.b4 Nxc3
16.Bxc3 dxc4 17.Bxc4 a5 18.bxa5 bxa5 19.a4 Nb6 20.Bb5 c6 21.Bd3 Nd5 22.Rdc1 Nxc3
23.Rxc3 Bb4 24.Rc4 Rac8 25.Rac1 g6 26.R4c2 c5 27.Ba6 Bxf3 28.Qxf3  1/2-1/2

[Event "54th ch-RUS"]
[Site "Elista RUS"]
[Date "2001.05.06"]
[Round "6"]
[White "Jakovenko,D"]
[Black "Balashov,Y"]
[Result "1/2-1/2"]
[WhiteElo "2521"]
[BlackElo "2581"]

1.e4 e5 2.Nf3 Nc6 3.Bb5 a6 4.Ba4 Nf6 5.O-O d6 6.Re1 Bd7 7.c3 g6 8.d4 b5 9.Bc2 Bg7
10.Nbd2 O-O 11.dxe5 Nxe5 12.Nxe5 dxe5 13.Nb3 Qe7 14.Be3 Rfd8 15.f3 Be6 16.Qe2 Nd7
17.Na5 Rdc8 18.Nc6 Qe8 19.Na7 Rcb8 20.Nc6 Rc8 21.Bb3 Nb6 22.Na5 Bf8 23.Qf2 c5
24.Red1 Bxb3 25.Nxb3 Qc6 26.Nd2 Na4 27.Nf1 c4 28.Kh1 Rd8 29.Qe2 Nc5 30.Bxc5 Bxc5
31.Ne3 Bxe3 32.Qxe3 Rd6 33.Rd2 Rad8 34.Rad1 Rxd2 35.Rxd2 Rd6  1/2-1/2

[Event "54th ch-RUS"]
[Site "Elista RUS"]
[Date "2001.05.07"]
[Round "7"]
[White "Pushkov,N"]
[Black "Jakovenko,D"]
[Result "1/2-1/2"]
[WhiteElo "2561"]
[BlackElo "2521"]

1.d4 d5 2.c4 e6 3.Nc3 c6 4.e3 f5 5.f4 Nf6 6.Nf3 Be7 7.Be2 O-O 8.O-O b6 9.b3 Bb7
10.Bb2 Kh8 11.Qc2 c5 12.Rad1 Nc6 13.Ne5 Rc8 14.Nxc6 Bxc6 15.cxd5 Nxd5 16.Nxd5 Bxd5
17.Qb1 c4 18.bxc4 Bxc4 19.Bxc4 Rxc4 20.e4 fxe4 21.Qxe4 Qd5 22.Rfe1 Bf6 23.Qxe6 Qxe6
24.Rxe6 Rfc8 25.Re2 Rc2 26.Kf1 Kg8 27.Rdd2 R2c4 28.Kf2 Kf7 29.Kf3 Ra4 30.a3 Rd8
31.Re4 Rd7 32.g4 h6 33.Kg3 b5 34.h4 b4 35.axb4 Rxb4 36.g5 Bd8 37.Kg4 Rb5
38.Rde2 g6 39.gxh6 Rh5 40.Rh2 Rxh6 41.h5 gxh5+ 42.Rxh5 Rxh5 43.Kxh5 Bf6 44.Kg4 a5
45.Kf3 a4 46.Re2 Rb7 47.f5 Rb3+ 48.Ke4 a3 49.Ba1 Rb4 50.Bc3 Rc4 51.Kd3 Ra4
52.Ra2 Ke7 53.Ke4 Kd7 54.Kd5 Be7 55.Ke5 Ra6 56.Bd2 Bf6+ 57.Ke4 Ra4 58.Bc3 Kc6
59.Kd3 Kd5 60.Ba1 Bxd4  1/2-1/2

[Event "54th ch-RUS"]
[Site "Elista RUS"]
[Date "2001.05.08"]
[Round "8"]
[White "Jakovenko,D"]
[Black "Volkov,S"]
[Result "1/2-1/2"]
[WhiteElo "2521"]
[BlackElo "2558"]

1.e4 e6 2.d4 d5 3.Nd2 Nf6 4.e5 Nfd7 5.f4 c5 6.c3 Nc6 7.Ndf3 Qb6 8.a3 c4 9.h4 h5
10.Ng5 Na5 11.Qc2 Qb3 12.Qf2 Nb6 13.Be2 Qb5 14.Bd1 f6 15.exf6 gxf6 16.Qc2 Ke7
17.N5h3 Nb3 18.Rb1 Qe8 19.Ne2 Bd7 20.Ng3 Ba4 21.Qf2 Nxc1 22.Rxc1 Bxd1 23.Rxd1 Kd7
24.O-O Kc6 25.Qf3 Bd6 26.Rfe1 Qg8 27.Nxh5 Qg6 28.Ng3 Rag8 29.Nf1 Rxh4 30.Rxe6 Qf5
31.Re3 Bxf4 32.Nxf4 Rxf4 33.Qh3 Qc2 34.Qe6+ Kb5 35.Qxg8 Qxd1 36.Qe8+ Ka5
37.Re1 Qc2 38.Qe2 Qxe2 39.Rxe2 Re4 40.Rf2 Re6 41.g4 Ka4 42.Nd2 Nc8 43.Kg2 Rb6
44.Nf1 Kb3 45.Ng3 Ne7 46.Nh5 Ng8 47.Nf4 Rd6 48.Kg3 a5 49.Kh4 b5 50.Kh5 Ne7
51.Re2 Nc6 52.Ne6 b4 53.axb4 axb4 54.cxb4 Nxb4 55.Nc5+ Ka2 56.Kg6 Kb1 57.Na4 Nc2
58.Rf2 Nxd4 59.Rxf6 Rd8 60.Kf7 Ne2 61.Rf2 Ng3 62.g5 d4 63.g6 Nh5 64.Nb6 c3
65.bxc3 dxc3 66.Nc4 Rd7+ 67.Kf8 Ra7 68.Ne3 Ra6 69.Kf7 Ra7+ 70.Kf8 Ng7 71.Rf1+ Ka2
72.Nd5 Ne6+ 73.Kg8 c2 74.Nb4+ Kb3 75.Nxc2 Kxc2 76.Rf6 Ng5 77.g7 Ra8+  1/2-1/2

[Event "54th ch-RUS"]
[Site "Elista RUS"]
[Date "2001.05.09"]
[Round "9"]
[White "Dvoirys,S"]
[Black "Jakovenko,D"]
[Result "1/2-1/2"]
[WhiteElo "2568"]
[BlackElo "2521"]

1.e4 e5 2.Nf3 Nc6 3.Bb5 a6 4.Ba4 Nf6 5.O-O Be7 6.d3 d6 7.c3 O-O 8.Nbd2 b5
9.Bc2 Bb7 10.d4 Re8 11.Re1 Bf8 12.a4 exd4 13.cxd4 Nb4 14.Bb1 c5 15.d5 Nd7
16.Ra3 c4 17.Nd4 Nd3 18.Bxd3 b4 19.Ra1 cxd3 20.N2b3 Nc5 21.f3 g6 22.Be3 Bg7
23.Nc1 Bxd5 24.Nxd3 Nxd3 25.Qxd3 Bb7 26.Qb3 d5 27.Rad1 Qa5 28.Nc2 Bc6 29.Qxb4 Qxb4
30.Nxb4 Bxa4 31.Rxd5 Bxb2 32.Bd4 Bxd4+ 33.Rxd4 Bb3 34.Rb1 Be6 35.Ra1 a5 36.Nc6 Ra6
37.Nxa5 Rea8 38.Rda4 Rc8 39.Rb1 Rc2 40.Raa1 Ba2 41.Nb7 Rac6 42.Rf1 Rb6 43.Rf2 Rxf2
44.Kxf2 Rxb7 45.Rxa2 h5 46.Kg3 Kg7 47.Kf4 Rb5 48.h4 Rb1 49.Rd2 Re1 50.g3 Rf1
51.e5 Re1 52.Rd3 Re2 53.Rd7 Re1 54.Rd4 Re2 55.Re4 Ra2 56.Re1 Ra4+ 57.Re4 Ra2
58.Rd4 Re2 59.g4 hxg4 60.fxg4 Re1 61.Re4 Ra1 62.Rd4 Re1 63.h5 gxh5 64.gxh5 Kh6
65.Kf5 Kg7 66.Rg4+ Kf8 67.h6 Rh1 68.Kg5 Re1 69.h7 Rh1 70.Rh4 Rxh4 71.Kxh4 Kg7  1/2-1/2

[Event "Czech Open"]
[Site "Pardubice CZE"]
[Date "2001.07.24"]
[Round "5"]
[White "Jakovenko,D"]
[Black "Voekler,B"]
[Result "1-0"]
[WhiteElo "2551"]
[BlackElo "2376"]

1.e4 e6 2.d4 d5 3.Nc3 Bb4 4.e5 Ne7 5.a3 Bxc3+ 6.bxc3 c5 7.Qg4 Qc7 8.Bd3 cxd4
9.Ne2 dxc3 10.Qxg7 Rg8 11.Qxh7 Qxe5 12.Bf4 Qf6 13.h4 Nd7 14.Bg5 Qh8 15.Qxh8 Rxh8
16.Nxc3 a6 17.O-O-O b5 18.Rde1 Bb7 19.Bf4 Rc8 20.Kb2 Nc5 21.Be5 Nxd3+ 22.cxd3 Rh7
23.h5 Kd7 24.g4 Rg8 25.Rhg1 f5 26.gxf5 Rxg1 27.Rxg1 Nxf5 28.Rg5 Ke7 29.Ne2 Kf7
30.Nf4 Bc8 31.Rg1 Bd7 32.Rc1 Ne7 33.Rc7 Ke8 34.d4 a5 35.Nd3 Nc6 36.Nc5 Nxe5
37.dxe5 Rxh5 38.Nxd7 Kd8 39.Ra7 Rf5 40.Nb8 Rxf2+ 41.Kc3 b4+ 42.axb4 axb4+
43.Kb3 Rf4 44.Nc6+ Kc8 45.Nxb4 Re4 46.Nd3 Kd8 47.Kc3 Rc4+ 48.Kd2 Re4 49.Rf7 Ke8
50.Rf4  1-0

[Event "Czech Open"]
[Site "Pardubice CZE"]
[Date "2001.07.26"]
[Round "7"]
[White "Jakovenko,D"]
[Black "Dobrov,V"]
[Result "1-0"]
[WhiteElo "2551"]
[BlackElo "2409"]

1.e4 c5 2.Nf3 Nc6 3.d4 cxd4 4.Nxd4 Nf6 5.Nc3 e5 6.Ndb5 d6 7.Nd5 Nxd5 8.exd5 Nb8
9.c4 Nd7 10.Bd3 a6 11.Nc3 Be7 12.O-O O-O 13.Qc2 g6 14.Be3 f5 15.f3 Bg5 16.Bf2 e4
17.fxe4 f4 18.Be2 Ne5 19.Bd4 Qc7 20.c5 dxc5 21.Na4 Be7 22.b4 Nc6 23.Bb2 Nxb4
24.Qc3 Bf6 25.e5 Bg7 26.Bc4 Kh8 27.Bb3 Bf5 28.Nxc5 Qb6 29.Qd4 g5 30.Rac1 Rad8
31.d6 Nc6 32.Qd5 Rfe8 33.Rfe1 Be6 34.Qf3 Rf8 35.h3 Rde8 36.Kh1 g4 37.hxg4 Bxb3
38.Qxb3 Qd8 39.Nxb7 Qh4+ 40.Qh3 Qf2 41.Qf3 Qxb2 42.Qxc6 f3 43.gxf3 Re6 44.Rc2 Qb4
45.Qe4 Qb5 46.Rh2 h6 47.Rb1 Qxe5 48.Qxe5 Bxe5 49.d7 Bxh2 50.Kxh2 Re2+ 51.Kg3  1-0

[Event "Czech Open"]
[Site "Pardubice CZE"]
[Date "2001.07.28"]
[Round "9"]
[White "Jakovenko,D"]
[Black "Tolstikh,N"]
[Result "1/2-1/2"]
[WhiteElo "2551"]
[BlackElo "2436"]

1.e4 c5 2.Nf3 Nc6 3.d4 cxd4 4.Nxd4 Nf6 5.Nc3 e5 6.Ndb5 d6 7.Nd5 Nxd5 8.exd5 Nb8
9.c4 Be7 10.Be2 O-O 11.O-O a6 12.Nc3 f5 13.Qc2 Nd7 14.f4 exf4 15.Bxf4 Bf6
16.Bxd6 Qb6+ 17.c5 Nxc5 18.Bxf8 Nb3+ 19.Kh1 Nxa1 20.Na4 Qd8 21.Rxa1 Kxf8
22.Qc5+ Be7 23.Qd4 Bf6 24.Qf2 b5 25.Nb6 Rb8 26.Nxc8 Qxc8 27.Rd1 Qc2 28.Qf3 Qe4
29.Qf1 Rd8 30.Bd3  1/2-1/2

[Event "EYCC B18"]
[Site "Halkidiki GRE"]
[Date "2001.08.31"]
[Round "1"]
[White "Jakovenko,D"]
[Black "Botezatu,G"]
[Result "1/2-1/2"]
[WhiteElo "2551"]
[BlackElo "2230"]

1.e4 c6 2.d4 d5 3.Nc3 dxe4 4.Nxe4 Bf5 5.Ng3 Bg6 6.h4 h6 7.Nf3 Nf6 8.Ne5 Bh7
9.Bd3 Bxd3 10.Qxd3 e6 11.Bd2 Nbd7 12.f4 Qc7 13.O-O-O Bd6 14.Ne2 c5 15.Nxd7 Qxd7
16.Bc3 O-O-O 17.dxc5 Bxc5 18.Qg3 Nd5 19.Bxg7 Rhg8 20.c4 Qc7 21.Qf3 Ne3 22.Bxh6 Nxd1
23.Rxd1 Rxd1+ 24.Kxd1 Qd8+ 25.Kc2 Qxh4 26.Bg5 Qf2 27.Qxf2 Bxf2 28.Kd3 e5
29.Ke4 exf4 30.Bxf4 Bh4 31.g3 Re8+ 32.Kd3 Bf6 33.b3 a6 34.Nc3 Be5 35.Nd5 Bxf4
36.gxf4 Re1 37.Kc3 Kd7 38.Nb4 Rf1 39.Nd3 b6 40.Kd4 Ke6 41.a4 Kf5 42.b4 Ra1
43.c5 bxc5+ 44.Nxc5 Kxf4 45.Kd5 f5 46.b5 a5 47.b6 Ke3 48.b7 Rb1 49.Kc6 f4
50.Nd7 f3 51.Nb6 f2 52.b8=Q f1=Q 53.Nd5+ Kd2 54.Qh2+ Kc1 55.Qh6+ Kb2 56.Qd2+ Ka3
57.Qc3+ Rb3 58.Qxa5 Qc4+ 59.Qc5+ Qxc5+ 60.Kxc5 Kxa4  1/2-1/2

[Event "EYCC B18"]
[Site "Halkidiki GRE"]
[Date "2001.09.02"]
[Round "3"]
[White "Jakovenko,D"]
[Black "Jianu,V"]
[Result "1-0"]
[WhiteElo "2551"]
[BlackElo "2402"]

1.e4 c5 2.Nf3 Nc6 3.d4 cxd4 4.Nxd4 Nf6 5.Nc3 e5 6.Ndb5 d6 7.Nd5 Nxd5 8.exd5 Nb8
9.c4 Be7 10.Be2 a6 11.Nc3 O-O 12.O-O f5 13.f4 Bf6 14.g3 Nd7 15.Qc2 exf4 16.gxf4 Bd4+
17.Kh1 Nf6 18.Qd3 Bb6 19.Bd2 Ng4 20.Qg3 Qf6 21.h3 Qd4 22.Be1 Ne3 23.Rf3 Re8
24.Na4 Nc2 25.Bc3 Nxa1 26.Nxb6  1-0

[Event "EYCC B18"]
[Site "Halkidiki GRE"]
[Date "2001.09.08"]
[Round "8"]
[White "Palekha,A"]
[Black "Jakovenko,D"]
[Result "1/2-1/2"]
[WhiteElo "2355"]
[BlackElo "2551"]

1.e4 c5 2.Nf3 d6 3.d4 cxd4 4.Nxd4 Nf6 5.Nc3 a6 6.g3 e6 7.Bg2 Qc7 8.O-O Nc6
9.Re1 Bd7 10.Nxc6 bxc6 11.Na4 Rb8 12.b3 c5 13.e5 dxe5 14.Nb2 Bb5 15.a4 Bc6
16.Bxc6+ Qxc6 17.Rxe5 Be7 18.Nc4 O-O 19.Bb2 Rfd8 20.Qe1 h6 21.Qe2 Ra8 22.Re3 Nd5
23.Rd3 Nb4 24.Ne5 Qc7 25.Rxd8+ Rxd8 26.Rd1 Rxd1+ 27.Qxd1 Bf6 28.f4 g5 29.Qd2 Bg7
30.c4 gxf4 31.gxf4 Qb7 32.Qg2 Qxg2+ 33.Kxg2 Nc6 34.Nxc6 Bxb2 35.a5 Bc3 36.Nb8 Bxa5
37.Nxa6 Bb6 38.Kf3 Kf8 39.f5 Ke7 40.Ke4 Kd6 41.fxe6  1/2-1/2

[Event "EYCC B18"]
[Site "Halkidiki GRE"]
[Date "2001.09.09"]
[Round "9"]
[White "Jakovenko,D"]
[Black "Pataki,G"]
[Result "1-0"]
[WhiteElo "2551"]
[BlackElo "2347"]

1.e4 c5 2.Nf3 Nc6 3.d4 cxd4 4.Nxd4 Nf6 5.Nc3 d6 6.Bg5 e6 7.Qd2 Be7 8.O-O-O Nxd4
9.Qxd4 O-O 10.f4 Qa5 11.Bc4 Bd7 12.e5 dxe5 13.fxe5 Bc6 14.Bd2 Nd7 15.Nd5 Qd8
16.Nxe7+ Qxe7 17.Rhe1 Nb6 18.Bf1 Rfd8 19.Qg4 Qc5 20.Kb1 Rac8 21.Bd3 Nd5 22.Qh4 g6
23.Rc1 Rd7 24.a3 b5 25.Re4 Qf8 26.Bh6 Qd8 27.Bg5 Qf8 28.Rd4 Rb8 29.Rf1 Qg7
30.Re1 Qf8 31.Bd2 Rdb7 32.Be4 Rc8 33.Bh6 Qd8 34.Bg5 Qf8 35.Rf1 Qc5 36.Bxd5 Bxd5
37.c3 a5 38.Qxh7+ Kxh7 39.Rh4+ Kg8 40.Bf6 Be4+ 41.Ka1  1-0

[Event "TCh-RUS Siberian Zone"]
[Site "Omsk RUS"]
[Date "2001.10.05"]
[Round "1"]
[White "Jakovenko,D"]
[Black "Obukhov,A"]
[Result "1/2-1/2"]
[WhiteElo "2536"]
[BlackElo "2436"]

1.e4 e5 2.Nf3 Nc6 3.Bb5 a6 4.Ba4 Nf6 5.O-O Be7 6.Re1 b5 7.Bb3 d6 8.c3 O-O
9.h3 Na5 10.Bc2 c5 11.d4 Qc7 12.Nbd2 cxd4 13.cxd4 Bd7 14.Nf1 Rac8 15.Bd3 Nc6
16.Be3 exd4 17.Nxd4 Ne5 18.Bb1 Rfe8 19.Ng3 g6 20.f4 Nc4 21.Bc1 Nb6 22.Bd3 Na4
23.Bc2 Bf8 24.b3 Nc3 25.Qf3 Bg7 26.Be3 Qb7 27.Bf2 Rc7 28.a3 h5 29.Rac1 Na2
30.Ra1 Nc3  1/2-1/2

[Event "TCh-RUS Siberian Zone"]
[Site "Omsk RUS"]
[Date "2001.10.06"]
[Round "2"]
[White "Sherbakov,R"]
[Black "Jakovenko,D"]
[Result "1-0"]
[WhiteElo "2539"]
[BlackElo "2536"]

1.d4 Nf6 2.c4 e6 3.Nc3 Bb4 4.e3 b6 5.Ne2 c5 6.a3 Ba5 7.Rb1 Qc7 8.Bd2 Ba6
9.Nf4 cxd4 10.exd4 Bxc3 11.Bxc3 d5 12.g3 Qd7 13.b3 Bb7 14.Bg2 dxc4 15.d5 cxb3
16.Bxf6 gxf6 17.Nh5 Qd6 18.O-O Na6 19.Nxf6+ Ke7 20.Qd4 e5 21.Qh4 Kd8 22.Rxb3 Kc7
23.Ne4 Qxd5 24.Rd3 Qxd3 25.Qe7+ Qd7 26.Qxe5+ Kd8 27.Qf6+ Kc7 28.Qe5+ Kd8
29.Qxh8+ Ke7 30.Qf6+ Ke8 31.Qh6 Ke7 32.Qf6+ Kf8 33.Qh6+ Ke7 34.Re1 Qe6 35.Qh4+ Kf8
36.Qxh7 Nc5 37.Re3 Nxe4 38.Bxe4 Bxe4 39.Qh8+ Ke7 40.Qh4+ Kd7 41.Rxe4 Qf5
42.Qe7+ Kc6 43.Rf4 Qd5 44.Qf6+ Kc7 45.Rd4 Qe6 46.Qf4+ Kc8 47.Rc4+ Kd8 48.Re4  1-0

[Event "TCh-RUS Siberian Zone"]
[Site "Omsk RUS"]
[Date "2001.10.07"]
[Round "3"]
[White "Jakovenko,D"]
[Black "Balashov,Y"]
[Result "1-0"]
[WhiteElo "2536"]
[BlackElo "2555"]

1.e4 e5 2.Nf3 Nc6 3.Bb5 a6 4.Ba4 Nf6 5.O-O Be7 6.Re1 b5 7.Bb3 d6 8.c3 O-O
9.h3 Re8 10.d4 h6 11.Nbd2 Bf8 12.Nf1 Bb7 13.Ng3 Na5 14.Bc2 Nc4 15.Bd3 Nb6
16.b4 Bc6 17.Bd2 Qc8 18.Qc2 Qb7 19.Be3 a5 20.Nd2 axb4 21.cxb4 Bd7 22.Rec1 Rac8
23.dxe5 Rxe5 24.Rab1 Na4 25.Nf3 Ree8 26.Bd4 Be7 27.Qe2 Bd8 28.Ba1 c5 29.bxc5 Nxc5
30.Bxf6 Bxf6 31.Bxb5 Bxb5 32.Rxb5 Qa6 33.e5 Bxe5 34.Nxe5 Rxe5 35.Rbxc5 Rxe2
36.Rxc8+ Kh7 37.Nxe2 Qxe2 38.Ra1 Qb2 39.Rcc1 Qa3 40.Rcb1 d5 41.Rd1 Qa5 42.a4 Kg6
43.Rdb1 d4 44.Rd1 h5 45.Rxd4 f6 46.h4 Kh6 47.g3 Qc3 48.Rdd1 Qa5 49.Rdb1 g5
50.hxg5+ fxg5 51.Rb5 Qa6 52.Rc1 h4 53.g4 Qe6 54.Rb4 h3 55.Rd4 Qf6 56.Rd3 h2+
57.Kg2 Kg6 58.Rg3 Qf4 59.Rf1 Qc4 60.Rh1 Qxa4 61.Kxh2 Qc2 62.Rf1 Qe2 63.Kg1 Kg7
64.f3 Qe3+ 65.Kg2 Qe2+ 66.Rf2 Qe1 67.Rh3 Qa1 68.Rh1 Qc3 69.Re2 Qd3 70.Rhe1 Qc3
71.Re7+ Kf8 72.R1e2 Qd3 73.R7e5 Kf7 74.Rf5+ Kg6 75.Re6+ Kh7 76.Re7+ Kg6 77.Rfe5  1-0

[Event "TCh-RUS Siberian Zone"]
[Site "Omsk RUS"]
[Date "2001.10.08"]
[Round "4"]
[White "Zemerov,V"]
[Black "Jakovenko,D"]
[Result "0-1"]
[WhiteElo "2316"]
[BlackElo "2536"]

1.g3 g6 2.c4 c5 3.Bg2 Bg7 4.Nc3 Nc6 5.e3 e5 6.Nge2 Nge7 7.a3 O-O 8.d3 d6
9.Rb1 a5 10.Bd2 Kh8 11.Qc2 Rb8 12.Nb5 f5 13.f4 Be6 14.O-O Rc8 15.Nec3 d5
16.cxd5 Nxd5 17.Na4 b6 18.b3 exf4 19.gxf4 g5 20.fxg5 f4 21.exf4 Nd4 22.Nxd4 cxd4
23.Qd1 Nc3 24.Qh5 Nxb1 25.Be4 Bf5 26.g6 h6 27.Rxb1 Bxe4 28.dxe4 Rc2 29.Rd1 d3
30.Be3 Rxf4 31.Qd5 Rg4+ 32.Kf1 Qf6+ 33.Qf5 Qh4  0-1

[Event "TCh-RUS Siberian Zone"]
[Site "Omsk RUS"]
[Date "2001.10.09"]
[Round "5"]
[White "Jakovenko,D"]
[Black "Smikovski,I"]
[Result "1/2-1/2"]
[WhiteElo "2536"]
[BlackElo "2503"]

1.e4 e5 2.Nf3 Nc6 3.Bb5 a6 4.Ba4 Nf6 5.O-O Be7 6.Re1 b5 7.Bb3 O-O 8.c3 d5
9.exd5 Nxd5 10.Nxe5 Nxe5 11.Rxe5 c6 12.d3 Bd6 13.Re1 Qh4 14.g3 Qh3 15.Re4 Nf6
16.Rh4 Qf5 17.Nd2 Ng4 18.Ne4 Be7 19.f3 Ne5 20.Rf4 Qd7 21.Nf2 c5 22.Re4 Ng6
23.d4 Bb7 24.dxc5 Qxd1+ 25.Bxd1 Bxe4 26.Nxe4 Rfd8 27.Be3 Ne5 28.Bd4 Nc6 29.Be3 Ne5
30.Bd4 Nc6 31.Be3  1/2-1/2

[Event "WYB18"]
[Site "Oropesa del Mar ESP"]
[Date "2001.10.21"]
[Round "1"]
[White "Govciyan,P"]
[Black "Jakovenko,D"]
[Result "0-1"]
[WhiteElo "2229"]
[BlackElo "2536"]

1.d4 Nf6 2.Nf3 e6 3.g3 d5 4.Bg2 Be7 5.O-O O-O 6.c4 c6 7.Nbd2 Nbd7 8.Qc2 b6
9.e4 Ba6 10.Re1 Rc8 11.Bf1 dxe4 12.Nxe4 c5 13.Nxf6+ Nxf6 14.dxc5 Bxc5 15.Bf4 Ng4
16.Ng5 Bxf2+ 17.Kg2 Bb7+ 18.Kh3 f5 19.Nxe6 Qe8 20.Nxg7 Qd7 21.Ne6 Qf7 22.Bg5 Qh5+
23.Bh4 Ne3  0-1

[Event "WYB18"]
[Site "Oropesa del Mar ESP"]
[Date "2001.10.22"]
[Round "2"]
[White "Jakovenko,D"]
[Black "Fernandez Romero,Ern"]
[Result "1-0"]
[WhiteElo "2536"]
[BlackElo "2367"]

1.e4 e6 2.d4 d5 3.Nc3 Bb4 4.e5 c5 5.a3 Bxc3+ 6.bxc3 Ne7 7.Qg4 cxd4 8.cxd4 Qc7
9.Ne2 Nf5 10.c3 Bd7 11.Qh3 Nc6 12.g4 Nfe7 13.Nf4 O-O-O 14.Nh5 g6 15.Nf6 Nxe5
16.Bh6 Nc4 17.Qg3 e5 18.Bg2 Qb6 19.dxe5 Qe6 20.O-O Nxe5 21.Bg7  1-0

[Event "WYB18"]
[Site "Oropesa del Mar ESP"]
[Date "2001.10.23"]
[Round "3"]
[White "Bachin,V"]
[Black "Jakovenko,D"]
[Result "0-1"]
[WhiteElo "2442"]
[BlackElo "2536"]

1.e4 e5 2.Nf3 Nc6 3.Nc3 Nf6 4.d4 exd4 5.Nxd4 Bb4 6.Nxc6 bxc6 7.Bd3 d5 8.exd5 cxd5
9.O-O O-O 10.Bg5 c6 11.Na4 h6 12.Bh4 Re8 13.c3 Bd6 14.b4 a5 15.a3 axb4 16.axb4 Be5
17.b5 Qd6 18.Kh1 c5 19.Bc2 c4 20.Rb1 Ng4 21.h3 g5 22.hxg4 gxh4 23.f4 Bg7
24.Qf3 Bb7 25.g5 Re7 26.gxh6 Bxh6 27.Rbd1 Rae8 28.f5 f6 29.Nb2 h3 30.Rd4 hxg2+
31.Qxg2+ Rg7 32.Qh3 Bg5 33.Bd1 Re3 34.Rf3 Re1+ 35.Kg2 Re3 36.Qg4  0-1

[Event "WYB18"]
[Site "Oropesa del Mar ESP"]
[Date "2001.10.24"]
[Round "4"]
[White "Jakovenko,D"]
[Black "Lupulescu,C"]
[Result "1-0"]
[WhiteElo "2536"]
[BlackElo "2467"]

1.e4 c5 2.Nf3 d6 3.d4 cxd4 4.Nxd4 Nf6 5.Nc3 Nc6 6.Bg5 e6 7.Qd2 a6 8.O-O-O Nxd4
9.Qxd4 Be7 10.f4 b5 11.Bxf6 gxf6 12.e5 d5 13.Kb1 Rg8 14.f5 fxe5 15.Qxe5 Qd6
16.Qe3 Bb7 17.fxe6 fxe6 18.Qh3 O-O-O 19.Re1 d4 20.Ne4 Qd5 21.Bd3 Kb8 22.Re2 h5
23.Ng3 h4 24.Be4 Qc4 25.Bxb7 Rxg3 26.hxg3 Qxe2 27.Bf3 Qe3 28.gxh4 d3 29.Qg3+ Bd6
30.Qg7 dxc2+ 31.Kxc2 Rc8+ 32.Kb1 Rc7 33.Qg8+ Ka7 34.Qa8+ Kb6 35.Qe4 Qxe4+
36.Bxe4 Rc4 37.Bf3 e5 38.h5 e4 39.Be2 Rd4 40.Rh4 Be5 41.Kc2 Bg3 42.Rg4 Be1
43.h6 Rd2+ 44.Kc1 Rxe2 45.h7 Bd2+ 46.Kd1 Re1+ 47.Kxd2 Rh1 48.Rg7 Kc5 49.Ke3 Kd5
50.g4 Rh3+ 51.Kf4 e3 52.Rg5+ Kc4 53.Rh5 Rxh5 54.gxh5 e2 55.h8=Q e1=Q 56.Qc3+  1-0

[Event "WYB18"]
[Site "Oropesa del Mar ESP"]
[Date "2001.10.26"]
[Round "6"]
[White "Jakovenko,D"]
[Black "Kovchan,A"]
[Result "1/2-1/2"]
[WhiteElo "2536"]
[BlackElo "2504"]

1.e4 c5 2.Nf3 d6 3.d4 cxd4 4.Nxd4 Nf6 5.Nc3 a6 6.Be3 e5 7.Nb3 Be6 8.f3 Nbd7
9.g4 b5 10.g5 b4 11.Ne2 Nh5 12.Qd2 g6 13.Ng3 Nf4 14.Bxf4 exf4 15.Qxf4 h6
16.Nd4 Qxg5 17.Qxg5 hxg5 18.Nxe6 fxe6 19.a3 Bg7 20.axb4 Bxb2 21.Rxa6 Bc3+
22.Kf2 Rxa6 23.Bxa6 Ke7 24.Kg2 Bxb4 25.Rb1 Rb8 26.Ne2 Rb6 27.Bc4 Bc5 28.Bb3 Be3
29.c3 Nc5 30.Bc2 Rxb1 31.Bxb1 Kf6 32.Kg3 Bd2 33.Kg4 Nd7 34.Ba2 Be1 35.Kh3 Nc5
36.Bc4 Bd2 37.Bb5 Be1 38.Kg4 Bd2  1/2-1/2

[Event "WYB18"]
[Site "Oropesa del Mar ESP"]
[Date "2001.10.28"]
[Round "7"]
[White "Lindberg,Bo"]
[Black "Jakovenko,D"]
[Result "0-1"]
[WhiteElo "2247"]
[BlackElo "2536"]

1.d4 Nf6 2.c4 e6 3.g3 d5 4.Bg2 dxc4 5.Qa4+ Nbd7 6.Nf3 c5 7.O-O a6 8.Nc3 cxd4
9.Nxd4 Qb6 10.Nc2 Be7 11.Qxc4 O-O 12.b4 Ne5 13.Qb3 Bd7 14.Be3 Qc7 15.Rac1 Bc6
16.Bxc6 Nxc6 17.Bf4 Qb6 18.Be3 Qc7 19.Bf4 Bd6 20.Bxd6 Qxd6 21.Rfd1 Qe5 22.a4 Rac8
23.Rd3 Qh5 24.Ne3 Ng4 25.Nxg4 Qxg4 26.b5 axb5 27.Qxb5 Nd4 28.Qe5 Rxc3 29.Rcxc3 Nxe2+
30.Kg2 Nxc3 31.Rxc3 Qxa4 32.Rc7 h6 33.Qe3 b5 34.Rb7 Qc4 35.Qf3 e5 36.Re7 b4
37.Rxe5 Rb8 38.Re4 Qa2 39.Qf4 Qa8 40.Kh3 Qb7 41.Rc4 Qb6 42.Rc7 Qf6 43.Qxf6 gxf6
44.Rc2 b3 45.Rb2 Kf8 46.Kg4 Rb5 47.Kf4 Ke7 48.Ke4 Kd6 49.Kd4 Rb4+ 50.Kc3 Kc5
51.Rd2 b2 52.Rxb2 Rxb2 53.Kxb2 Kd4 54.Kc2 Ke4 55.Kd2 Kf3 56.Ke1 Kg2 57.h4 Kf3
58.Kf1 f5 59.Kg1 h5 60.Kf1 f4 61.gxf4 Kxf4 62.Ke2 Ke4 63.f3+ Kf4 64.Kf2 f6
65.Ke2 Kg3 66.Ke3 f5  0-1

[Event "10th Open"]
[Site "Valle d'Aosta ITA"]
[Date "2002.02.14"]
[Round "6"]
[White "Jakovenko,D"]
[Black "Isonzo,D"]
[Result "1-0"]
[WhiteElo "2553"]
[BlackElo "2364"]

1.e4 c5 2.Nf3 d6 3.d4 cxd4 4.Nxd4 Nf6 5.Nc3 a6 6.Be2 e5 7.Nb3 Be7 8.O-O O-O
9.Kh1 Qc7 10.a4 Be6 11.f4 Nbd7 12.Be3 exf4 13.Rxf4 Ne8 14.Nd5 Bxd5 15.exd5 Bg5
16.Rc4 Qd8 17.Bg1 Bf6 18.Nd4 Be5 19.a5 Nef6 20.Rb4 Qc7 21.Nf3 Rfe8 22.c3 Re7
23.Rc4 Qd8 24.Rh4 Rc8 25.Bd3 Nf8 26.Bf5 Rb8 27.Qd2 N6d7 28.Bc2 Bf6 29.Rb4 Ne5
30.Ng5 g6 31.Ne4 Bg7 32.Bb6 Qd7 33.Ba4  1-0

[Event "9th RUS-chT"]
[Site "Ekaterinburg RUS"]
[Date "2002.05.20"]
[Round "4"]
[White "Jakovenko,D"]
[Black "Diu,V"]
[Result "1-0"]
[WhiteElo "2557"]
[BlackElo "2412"]

1.e4 e5 2.Nf3 Nf6 3.Nxe5 d6 4.Nf3 Nxe4 5.d4 d5 6.Bd3 Bd6 7.O-O O-O 8.c4 c6
9.cxd5 cxd5 10.Nc3 Nxc3 11.bxc3 Bg4 12.Rb1 Nd7 13.h3 Bh5 14.Rb5 Nb6 15.c4 Bxf3
16.Qxf3 dxc4 17.Bc2 Qd7 18.a4 g6 19.Bh6 Rfe8 20.Rfb1 Rad8 21.g4 Bf8 22.Bg5 Qc6
23.Be4 Rxe4 24.Bxd8 c3 25.Kg2 c2 26.Rc1 Ba3 27.d5 Nxd5 28.Rxd5 Qxd5 29.Rxc2 Re5
30.Bf6 Qxf3+ 31.Kxf3 Re8 32.Rc7 Rb8 33.Bd4 a6 34.Ba7 Rd8 35.Rxb7 Rd6 36.Rb3 Bc1
37.Ke4 g5 38.Rb6 Rxb6 39.Bxb6 Kg7 40.Be3 Bxe3 41.fxe3 Kg6 42.Ke5 a5 43.e4 h6
44.Kd5 Kf6 45.Kd6  1-0

[Event "9th RUS-chT"]
[Site "Ekaterinburg RUS"]
[Date "2002.05.22"]
[Round "6"]
[White "Jakovenko,D"]
[Black "Lugovoi,A"]
[Result "1/2-1/2"]
[WhiteElo "2557"]
[BlackElo "2510"]

1.e4 d6 2.d4 Nf6 3.Nc3 g6 4.g3 Bg7 5.Bg2 O-O 6.Nge2 e5 7.h3 Nc6 8.Be3 exd4
9.Nxd4 Bd7 10.Nde2 Re8 11.O-O b5 12.a3 a5 13.g4 b4 14.axb4 axb4 15.Rxa8 Qxa8
16.Nd5 Qc8 17.Ng3 Nxd5 18.exd5 Ne5 19.b3 h5 20.gxh5 Bxh3 21.Bd2 Bxg2 22.Kxg2 Qb7
23.Bc1 Nd7 24.hxg6 fxg6 25.Qf3 Qb5 26.Rd1 Nf6 27.Bb2 Nh7 28.Bxg7 Kxg7 29.Rd4 Re5
30.c4 bxc3 31.Qxc3 Qc5 32.Rc4 Qxd5+ 33.Kh2 Ng5 34.f4 Nf3+ 35.Kh3 Ng1+ 36.Kh2 Nf3+  1/2-1/2

[Event "3rd IECC"]
[Site "Batumi GEO"]
[Date "2002.06.13"]
[Round "2"]
[White "Jakovenko,D"]
[Black "Zhukova,N"]
[Result "1-0"]
[WhiteElo "2557"]
[BlackElo "2425"]

1.e4 e6 2.d4 d5 3.e5 c5 4.c3 Nc6 5.Nf3 Bd7 6.Be2 f6 7.O-O Qb6 8.Bd3 Rc8 9.Re1 cxd4
10.cxd4 fxe5 11.Nxe5 Nxe5 12.dxe5 g6 13.Nc3 Bg7 14.Bg5 Nh6 15.Qd2 Nf7 16.Bf4 O-O
17.h4 Qd8 18.h5 g5 19.Bg3 Be8 20.Rad1 Nh6 21.Qe2 g4 22.Nb5 Bxb5 23.Bxb5 Rf5
24.Rc1 Rxc1 25.Rxc1 Rxh5 26.Rc3 Rf5 27.Qc2 Rf8 28.Bd3 Qg5 29.Bxh7+ Kh8 30.Rc7 Nf7
31.Rxb7 Nxe5 32.b3 Nf7 33.Bg6 Ne5 34.Bh7 Nf7 35.Rxa7 e5 36.Qg6 Qc1+ 37.Kh2 d4
38.Qh5 Qh6 39.Qxh6 Nxh6 40.Be4 Nf5 41.a4 Nd6 42.Rxg7  1-0